000 00849nam a2200217Ia 4500
999 _c35205
_d35205
001 1051
003 GE_BSU
005 20210929135558.0
008 181216s1980||||ru |||||||||||||| ||rus||
040 _cGE_BSU
041 _arus
080 _a811.161.1:808 С-31
100 _aСенкевич, М.П.
_912575
245 _aПрактическая стилистика русского языка и литературное редактирование
_bСборник упражнении. Для студ.вузов обуч-ся по спец. "Журналистика" /
_cМ.П. Сенкевич,
250 _a2-е допол.
264 _aМосква :
_bВысшая школа,
_c1980.
300 _a280 стр.
653 _aПрактическая стилистика
653 _aРусский язык
942 _cBK
_2udc